000
00275nam a22001097a 4500
082
_a
621.384131 CWA'U
100
_a
UNITED STATE GOVERNMENT
_9
77236
245
_a
C-W AND A-M RADIO TRANSMITTERS AND RECIVERS
260
_a
WASHINGTON
_b
USA
_c
1952
300
_a
274P
942
_c
BK
999
_c
582540
_d
582540